Gobernación del Tucumán (Record no. 184706)

MARC details
000 -LEADER
campo de control de longitud fija 01064nam a2200229 i 4500
001 - NÚMERO DE CONTROL
campo de control 184706
003 - IDENTIFICADOR DE NÚMERO DE CONTROL
campo de control ES-MaACL
005 - FECHA Y HORA DE LA ÚLTIMA TRANSACCIÓN
campo de control 20250902131140.0
008 - DATOS DE LONGITUD FIJA--INFORMACIÓN GENERAL
campo de control de longitud fija 151116s1919 sp |||| | spa d
245 00 - MENCIÓN DEL TÍTULO
Título Gobernación del Tucumán
Resto del título : probanzas de méritos y servicios de los conquistadores : documentos del Archivo de Indias /
Mención de responsabilidad, etc. publicación dirigida por D. Roberto Levillier ; prólogo de D. Rufino Blanco-Fondona.
260 ## - PUBLICACIÓN, DISTRIBUCIÓN, ETC.
Lugar de publicación, distribución, etc. Buenos Aires :
Nombre del editor, distribuidor, etc. Municipalidad,
Fecha de publicación, distribución, etc. 1919.
300 ## - DESCRIPCIÓN FÍSICA
Extensión 2 v. ;
Dimensiones 24 cm.
490 1# - MENCIÓN DE SERIE
Mención de serie Colección de Publicaciones Históricas de la Biblioteca del Congreso Argentino
505 8# - NOTA DE CONTENIDO CON FORMATO
Nota de contenido con formato Contiene: 1. 1548-1583 -- 2. 1583-1600
651 #4 - PUNTO DE ACCESO ADICIONAL DE MATERIA--NOMBRE GEOGRÁFICO
Nombre geográfico Tucumán (Gobernación)-
Subdivisión general Historia.
9 (RLIN) 151017
651 #4 - PUNTO DE ACCESO ADICIONAL DE MATERIA--NOMBRE GEOGRÁFICO
Nombre geográfico Argentina-
Subdivisión general Historia-
Subdivisión cronológica 1591-1810, Época colonial.
9 (RLIN) 156531
700 1# - ENTRADA AGREGADA--NOMBRE PERSONAL
Nombre de persona Levillier, Roberto,
Fechas asociadas al nombre 1886-1969
9 (RLIN) 71965
700 1# - ENTRADA AGREGADA--NOMBRE PERSONAL
Nombre de persona Blanco Fombona, Rufino,
Fechas asociadas al nombre 1874-1944
9 (RLIN) 29251
830 0# - PUNTO DE ACCESO ADICIONAL DE SERIE-TÍTULO UNIFORME
Título uniforme Colección de Publicaciones Históricas de la Biblioteca del Congreso Argentino
9 (RLIN) 192228
852 ## - LOCALIZACIÓN
Ubicación ES-MaACL
Número de control de estantería C-7174-75
Holdings
Estatus retirado Estado de pérdida Estado de daño No para préstamo Biblioteca de origen Biblioteca actual Ubicación en estantería Fecha de adquisición Fuente de adquisición Total de préstamos Signatura topográfica completa Código de barras Visto por última vez Precio de reemplazo Tipo de ítem Koha
        Biblioteca del Ateneo de Madrid Biblioteca del Ateneo de Madrid Sala Palomar 16/11/2015     C-7174-75 1194475 23/02/2023 23/02/2023 Libro impreso